Statistics for Countries with RST

Click here to take the quiz!

General Stats

  • This quiz has been taken 59 times
  • The average score is 10 of 15

Answer Stats

Country% Correct
Australia
88%
Turkmenistan
88%
Austria
81%
St Vincent and the Grenadines
79%
South Africa
75%
United Arab Emirates
75%
South Korea
73%
Kyrgyzstan
67%
Switzerland
67%
Costa Rica
63%
Mauritius
63%
Federated States of Micronesia
60%
São Tomé and Príncipe
54%
East Timor
46%
Netherlands
44%

Score Distribution

Percentile by Number Answered

Percent of People with Each Score

Your Score History

You have not taken this quiz